Tax Consequences of Pension Provision for the Internationally Transferred Employee : (Record no. 622048)

MARC details
000 -LEADER
fixed length control field 00561nam a2200181 a 4500
008 - FIXED-LENGTH DATA ELEMENTS--GENERAL INFORMATION
fixed length control field 260502s1990##################000#0#eng##
020 ## - INTERNATIONAL STANDARD BOOK NUMBER
ISBN 9789065444387
082 04 - DEWEY DECIMAL CLASSIFICATION NUMBER
Classification number 343.0526
Item number TAX.13B
100 1# - MAIN ENTRY--AUTHOR NAME
Personal name Staff, International Fiscal Association,
245 10 - TITLE STATEMENT
Title Tax Consequences of Pension Provision for the Internationally Transferred Employee :
260 ## - PUBLICATION, DISTRIBUTION, ETC. (IMPRINT)
Name of publisher Springer,
Year of publication 1990.
650 #0 - SUBJECT ADDED ENTRY--TOPICAL TERM
Topical Term Business & Economics.
942 ## - ADDED ENTRY ELEMENTS (KOHA)
Koha item type English Books
Holdings
Withdrawn status Lost status Damaged status Not for loan Home library Current library Date acquired Full call number Accession Number Price effective from Koha item type
        Anna Centenary Library Anna Centenary Library 02.05.2026 343.0526 TAX.13B 139109 02.05.2026 English Books

Find us on the map